000 00457nam a2200145 4500
999 _c7036
_d7036
008 151002b xxu||||| |||| 00| 0 eng d
020 _a9789966100528
050 _aQD 49 .K454 2013
245 _aSecondary chemistry:
_bForm four students' book.
250 _a3rd ed.
260 _aNairobi;
_bKenya literature bureau,
_c2013.
300 _axi, 236 p. : ill.
650 _aKLB Form 4 chemistry.
942 _2lcc
_cBOOKS
_hQD 49 .K454 2013
_0166